000
00343nam a2200145Ia 4500
008
150201s2004 xx 000 0 und d
082
_a
617.525
_b
O2004S
100
_a
SCULLY, GRIPIAN
245
_a
ORAL MAXILLOFACIAL MEDICINE
250
_a
1ST
260
_b
ELSEVIER
_a
DELHI
_c
2004
300
_a
1-556
650
_a
MEDICINE
942
_2
ddc
_c
BK
999
_c
3177
_d
3177